00787nam a22002411 45000010005000000030008000050050017000130080041000300350035000710400032001060410008001380820020001461000027001662450116001932600039003093000046003484900039003945040020004335040026004536500011004796500015004908300040005059683BD-RjUL20211208234822.0140121s1964 nyua b 001 0 eng d a(BD-RjUL)9728a(OCoLC)00348952 aDLCcDLCdMYGdBD-RjULbeng aeng00a541.2bHOB 19641 aHochstrasser, Robin M.10aBehavior of electrons in atoms; :bstructure, spectra, and photochemistry of atoms /cby Robin M. Hochstrasser. aNew York :bW. A. Benjamin,c1964. axii, 162 p. :billus. (part col.)c22 cm.1 aGeneral chemistry monograph series aIncludes index. aBibliography: p. 155. 0aAtoms. 0aElectrons. 0aGeneral chemistry monograph series.